Score 0/27 Timer 02:00
0 Plays Today
Answer % Correct
English
96.6%
French
93.9%
I
92.4%
Spanish
92%
Noun
90.5%
When
90.4%
Where
90.4%
What
90.3%
Who
90.1%
Verb
89.8%
Why
89.2%
How
88.8%
Chinese
87.7%
he
87.3%
Answer % Correct
Adjective
86.3%
she
86.2%
Adverb
85.9%
they
83.2%
we
81.4%
you
79.9%
it
76.7%
Pronoun
74.8%
Russian
72%
Arabic
57.3%
Conjunction
54.7%
Preposition
49.1%
Interjection
30.8%
Remove Ads.
Support Sporcle.
Get the best of Sporcle when you Go Orange. This ad-free experience offers more features, more stats, and more fun while also helping to support Sporcle. Thank you for becoming a member.

You're not logged in!

Compare scores with friends on all Sporcle quizzes.
OR
Log In

Sporcle TV

Today on Sporcle TV


Watch our educational content, quiz creation guides, and fun videos on Sporcle TV.

Show Comments

Extras

Top Quizzes Today


Score Distribution

Paid Content

Your Account Isn't Verified!

In order to create a playlist on Sporcle, you need to verify the email address you used during registration. Go to your Sporcle Settings to finish the process.

Report this User

Report this user for behavior that violates our Community Guidelines.

Details: